| 000 | 01449nam a2200433Ia 4500 | ||
|---|---|---|---|
| 003 | GCL | ||
| 008 | 140319s9999 xx 000 0 ara d | ||
| 040 |
_aGCL / _cGCL |
||
| 082 | 0 | 4 |
_a920.7 _bم م |
| 100 | 1 | _aمحمد مراون مراد | |
| 245 | 1 | 0 |
_aمبدعون فى ذاكرة الوطن / _cمحمد مراون مراد |
| 260 |
_aسوريا : _bدار الشرق للطباعة والنشر ، _c2006 |
||
| 300 |
_a976 ص ؛ _c24 سم |
||
| 650 | 0 | 4 | _aنازك الملائكة |
| 650 | 0 | 4 | _aفدوى طوقان |
| 650 | 0 | 4 | _aنزار قبانى |
| 650 | 0 | 4 | _aالرجال - تراجم |
| 650 | 0 | 4 | _aغادة السمان |
| 650 | 0 | 4 | _aالنساء - تراجم |
| 650 | 0 | 4 | _aعبدالقادر المغربى |
| 650 | 0 | 4 | _aعبدالقادر المبارك |
| 650 | 0 | 4 | _aعمر رضا كحالة |
| 650 | 0 | 4 | _aعادل العوا |
| 650 | 0 | 4 | _aعدنان الخطيب |
| 650 | 0 | 4 | _aابراهيم الكيلانى |
| 650 | 0 | 4 | _aاحمد منيف العائدى |
| 650 | 0 | 4 | _aعمر ابوريشة |
| 650 | 0 | 4 | _aعفيف بهنسى |
| 650 | 0 | 4 | _aوداد سكاكينى |
| 650 | 0 | 4 | _aنقولا زيادة |
| 650 | 0 | 4 | _aعاصم زكريا |
| 650 | 0 | 4 | _aعبدالقادر ارناؤوط |
| 650 | 0 | 4 | _aاحمد عبيد |
| 650 | 0 | 4 | _aعلى الطنطاوى |
| 650 | 0 | 4 | _aجودت الركابى |
| 650 | 0 | 4 | _aعاصم بهجت البيطار |
| 650 | 0 | 4 | _aانور العطار |
| 942 |
_2ddc _cBK |
||
| 999 |
_c9987 _d9987 |
||